Revista contemporánea. (Record no. 1801)
[ view plain ]
| 000 -LEADER | |
|---|---|
| campo de control de longitud fija | 01495nas a2200409 i 4500 |
| 001 - NÚMERO DE CONTROL | |
| campo de control | 1801 |
| 003 - IDENTIFICADOR DE NÚMERO DE CONTROL | |
| campo de control | ES-MaACL |
| 005 - FECHA Y HORA DE LA ÚLTIMA TRANSACCIÓN | |
| campo de control | 20250802062531.0 |
| 008 - DATOS DE LONGITUD FIJA--INFORMACIÓN GENERAL | |
| campo de control de longitud fija | 950801d18751907sp mryp n 0 |spa d |
| 022 ## - NÚMERO INTERNACIONAL NORMALIZADO PARA PUBLICACIONES SERIADAS | |
| Número Internacional Normalizado para Publicaciones Seriadas | 0213-8654 |
| 040 ## - FUENTE DE CATALOGACIÓN | |
| Centro catalogador/agencia de origen | ES-MaACL |
| 080 ## - NÚMERO DE LA CLASIFICACIÓN DECIMAL UNIVERSAL | |
| Número de la Clasificación Decimal Universal | 82 |
| 080 ## - NÚMERO DE LA CLASIFICACIÓN DECIMAL UNIVERSAL | |
| Número de la Clasificación Decimal Universal | 008 |
| 080 ## - NÚMERO DE LA CLASIFICACIÓN DECIMAL UNIVERSAL | |
| Número de la Clasificación Decimal Universal | 05 |
| 245 00 - MENCIÓN DEL TÍTULO | |
| Título | Revista contemporánea. |
| 260 ## - PUBLICACIÓN, DISTRIBUCIÓN, ETC. | |
| Lugar de publicación, distribución, etc. | Madrid : |
| Nombre del editor, distribuidor, etc. | [Revista Contemporánea, |
| Fecha de publicación, distribución, etc. | 1875-1907] ( |
| Fabricante | Imp. de Manuel G. Hernández) |
| 300 ## - DESCRIPCIÓN FÍSICA | |
| Extensión | 135 v. : |
| Otras características físicas | il. ; |
| Dimensiones | 23 cm. |
| 310 ## - PERIODICIDAD ACTUAL | |
| Periodicidad actual | Mensual, |
| Fecha de comienzo de la periodicidad actual | jul. 1901-1907 |
| 321 ## - PERIODICIDAD ANTERIOR | |
| Periodicidad anterior | Quincenal, |
| Fechas de la periodicidad anterior | 1875-jun. 1901 |
| 362 0# - FECHAS DE PUBLICACIÓN Y/O DESIGNACIÓN SECUENCIAL | |
| Fecha de publicación y/o designación secuencial | T. 1, v. 1, n. 1 (15 dic. 1875)-t. 134, cuaderno 6 (15 jun. 1907) |
| 500 ## - NOTA GENERAL | |
| Nota general | Índices. |
| 530 ## - NOTA DISPONIBLE DE FORMULARIO FÍSICO ADICIONAL | |
| Nota de formato físico adicional disponible | Disponible en formato digital. |
| 555 ## - NOTA DE ÍNDICE ACUMULATIVO U OTROS INSTRUMENTOS BIBLIOGRÁFICOS | |
| Nota de índice acumulativo u otros instrumentos bibliográficos | En 1950 se publican los índices: Revista contemporánea (Madrid, 1875-1907) / por Ramón Paz Remolar. |
| 650 14 - PUNTO DE ACCESO ADICIONAL DE MATERIA--TÉRMINO DE MATERIA | |
| Término de materia o nombre geográfico como elemento de entrada | Revistas de información general. |
| 9 (RLIN) | 16896 |
| 650 #7 - PUNTO DE ACCESO ADICIONAL DE MATERIA--TÉRMINO DE MATERIA | |
| Término de materia o nombre geográfico como elemento de entrada | Literatura |
| Fuente del encabezamiento o término | embne |
| 9 (RLIN) | 141583 |
| 650 #7 - PUNTO DE ACCESO ADICIONAL DE MATERIA--TÉRMINO DE MATERIA | |
| Término de materia o nombre geográfico como elemento de entrada | Cultura |
| Fuente del encabezamiento o término | embne |
| 9 (RLIN) | 170963 |
| 700 1# - ENTRADA AGREGADA--NOMBRE PERSONAL | |
| Nombre de persona | Perojo, José del |
| Fechas asociadas al nombre | 1850-1908 |
| 9 (RLIN) | 91313 |
| 700 1# - ENTRADA AGREGADA--NOMBRE PERSONAL | |
| Nombre de persona | Pacheco, Francisco de Asís. |
| 9 (RLIN) | 88119 |
| 700 1# - ENTRADA AGREGADA--NOMBRE PERSONAL | |
| Nombre de persona | Álvarez Sereix, Rafael, |
| Fechas asociadas al nombre | 1856-1946 |
| 9 (RLIN) | 20966 |
| 700 1# - ENTRADA AGREGADA--NOMBRE PERSONAL | |
| Nombre de persona | Cárdenas, José de. |
| 9 (RLIN) | 35141 |
| 852 ## - LOCALIZACIÓN | |
| Ubicación | ES-MaACL |
| Número de control de estantería | Z-10 |
| Signatura antigua | Olim: Hem-1646 |
| 856 ## - LOCALIZACIÓN Y ACCESO ELECTRÓNICOS | |
| Identificador Uniforme de Recursos | <a href="http://prensahistorica.mcu.es/es/consulta/registro.cmd?id=4343">http://prensahistorica.mcu.es/es/consulta/registro.cmd?id=4343</a> |
| Nota pública | Acceso electrónico |
| Texto de enlace | Biblioteca virtual de Prensa Histórica |
| 866 #0 - MENCIÓN TEXTUAL DE FONDOS--UNIDAD BIBLIOGRÁFICA BÁSICA | |
| Fondos | 1875-1906(1907). |
| 942 ## - ELEMENTOS DE ENTRADA SECUNDARIOS (KOHA) | |
| Fuente del sistema de clasificación o colocación | Clasificación decimal universal |
| Tipo de ítem Koha | Revista |
| Suprimir en OPAC | No |
| 955 ## - CATALOGADOR - EDICIÓN | |
| Nombre de catalogador | CRON CRON |
| Estatus retirado | Estado de pérdida | Fuente del sistema de clasificación o colocación | Estado de daño | No para préstamo | Colección | Biblioteca de origen | Biblioteca actual | Ubicación en estantería | Fecha de adquisición | Total de préstamos | Signatura topográfica completa | Código de barras | Visto por última vez | Tipo de ítem Koha |
|---|---|---|---|---|---|---|---|---|---|---|---|---|---|---|
| Clasificación decimal universal | Fondo Ateneo de Madrid | Biblioteca del Ateneo de Madrid | Biblioteca del Ateneo de Madrid | Depósito Z | 17/01/2008 | Z-10 | 1001838 | 23/02/2023 | Revista |
